<?xml version="1.0" encoding="UTF-8"?>
<marc:record xmlns:marc="http://www.loc.gov/MARC21/slim">
   <marc:leader>00000nam a2200000 a 4500</marc:leader>
   <marc:datafield ind1="1" ind2=" " tag="100">
      <marc:subfield code="a">Spector, Tim D.</marc:subfield>
      <marc:subfield code="4">aut</marc:subfield>
      <marc:subfield code="e">Verfasser/-in</marc:subfield>
   </marc:datafield>
   <marc:datafield ind1="1" ind2=" " tag="100">
      <marc:subfield code="a">Riffel, Sara</marc:subfield>
   </marc:datafield>
   <marc:datafield ind1="1" ind2=" " tag="100">
      <marc:subfield code="a">Huber, Petra</marc:subfield>
   </marc:datafield>
   <marc:datafield ind1=" " ind2=" " tag="653">
      <marc:subfield code="a">f||Ratgeber</marc:subfield>
   </marc:datafield>
   <marc:datafield ind1=" " ind2=" " tag="653">
      <marc:subfield code="a">Ernährung</marc:subfield>
   </marc:datafield>
   <marc:datafield ind1=" " ind2=" " tag="653">
      <marc:subfield code="a">Lebensmittel</marc:subfield>
   </marc:datafield>
   <marc:datafield ind1=" " ind2=" " tag="653">
      <marc:subfield code="a">Darmflora</marc:subfield>
   </marc:datafield>
   <marc:datafield ind1=" " ind2=" " tag="653">
      <marc:subfield code="a">s||Gesunde Ernährung</marc:subfield>
   </marc:datafield>
   <marc:datafield ind1=" " ind2=" " tag="653">
      <marc:subfield code="a">Erkenntnis</marc:subfield>
   </marc:datafield>
   <marc:datafield ind1=" " ind2=" " tag="653">
      <marc:subfield code="a">Gesundheit</marc:subfield>
   </marc:datafield>
   <marc:datafield ind1=" " ind2=" " tag="653">
      <marc:subfield code="a">Mikrobiom</marc:subfield>
   </marc:datafield>
   <marc:datafield ind1="0" ind2="0" tag="245">
      <marc:subfield code="a">Nahrung fürs Leben</marc:subfield>
   </marc:datafield>
   <marc:datafield ind1="0" ind2="0" tag="245">
      <marc:subfield code="b">alle neuen Erkenntnisse der Ernährungswissenschaft - wie Sie Ihre individuell richtige Ernährung finden, sich vor chronischen Krankheiten schützen und bis ins hohe Alter gesund bleiben</marc:subfield>
   </marc:datafield>
   <marc:datafield ind1="0" ind2="0" tag="245">
      <marc:subfield code="c">Tim D. Spector</marc:subfield>
   </marc:datafield>
   <marc:datafield ind1=" " ind2="1" tag="264">
      <marc:subfield code="a">Köln</marc:subfield>
      <marc:subfield code="b">DuMont</marc:subfield>
      <marc:subfield code="c">2023</marc:subfield>
   </marc:datafield>
   <marc:datafield ind1="1" ind2=" " tag="520">
      <marc:subfield code="a">»In den letzten zwei, drei Jahren haben wir Bahnbrechendes in der Ernährungswissenschaft entdeckt!« PROF. DR. TIM SPECTOR In diesem Standardwerk erklärt der international führende Ernährungswissenschaftler Tim Spector die neuesten Forschungsergebnisse zur gesunden Ernährung. Er beantwortet Fragen wie: Auf welche Weise beeinflusst die Darmflora unsere Gesundheit und unser Wohlergehen, und was können wir tun, um sie vor Schädigungen zu schützen? Welche Nahrungsmittel sind gesund, welche wirklich ungesund? Was hilft bei Allergien, Autoimmunerkrankungen und Übergewicht? Warum ist es ebenso falsch, unseren Lebensmitteln Kalorien zuzuordnen wie Nährstoffe in Kohlenhydrate, Eiweiße und Fette aufzuschlüsseln? Ist dunkles Brot immer besser? Ist Naturreis wirklich gesünder als weißer Reis? Darf man vollfetten Joghurt oder Käse essen? Tim Spector betrachtet die einzelnen Lebensmittelgruppen genauer und gibt auch ganz praktische Hilfen, etwa in Form von Lebensmitteltabellen und Anleitungen für Selbsttests, mit denen man bestimmen kann, ob der eigene Darm träge oder fit ist. So finden Sie in diesem Buch die perfekte An-leitung für Ihre individuell richtige Ernährung und alles Grundlegende über Nahrungsmittel &#x96; auf der Höhe der aktuellen Forschung.</marc:subfield>
   </marc:datafield>
   <marc:datafield ind1=" " ind2=" " tag="020">
      <marc:subfield code="a">9783832168025</marc:subfield>
      <marc:subfield code="9">9783832168025</marc:subfield>
   </marc:datafield>
   <marc:datafield ind1=" " ind2=" " tag="020">
      <marc:subfield code="a">3832168028</marc:subfield>
      <marc:subfield code="9">3832168028</marc:subfield>
   </marc:datafield>
   <marc:datafield ind1="3" ind2=" " tag="024">
      <marc:subfield code="a">9783832168025</marc:subfield>
   </marc:datafield>
   <marc:datafield ind1=" " ind2=" " tag="041">
      <marc:subfield code="a">ger</marc:subfield>
   </marc:datafield>
   <marc:datafield ind1="0" ind2=" " tag="490">
      <marc:subfield code="v">0</marc:subfield>
   </marc:datafield>
   <marc:datafield ind1=" " ind2=" " tag="300">
      <marc:subfield code="a">681 Seiten</marc:subfield>
   </marc:datafield>
</marc:record>
